Investment Incentives in the Environment of the Czech Republic
Analýza investícií, ktoré boli podporované investičnými stimulmi a ich vplyv na makroekonomické prostredie ČR od 1998-2019.
Gespeichert in:
| 1. Verfasser: | |
|---|---|
| Format: | Buchkapitel |
| Sprache: | Englisch |
| Schlagworte: | |
| Tags: |
Keine Tags, Fügen Sie das erste Tag hinzu!
|
MARC
| LEADER | 00000naa a2200000 4500 | ||
|---|---|---|---|
| 001 | 0283015 | ||
| 005 | 20220407092124.1 | ||
| 041 | 0 | |a eng | |
| 044 | |a CZ | ||
| 245 | 1 | 0 | |a Investment Incentives in the Environment of the Czech Republic |c Petr Blaschke |
| 520 | |a Analýza investícií, ktoré boli podporované investičnými stimulmi a ich vplyv na makroekonomické prostredie ČR od 1998-2019. | ||
| 610 | 2 | 0 | |a stimuly |
| 610 | 2 | 0 | |a makroekonomika |
| 610 | 2 | 0 | |a investície priame zahraničné |
| 610 | 2 | 0 | |a politika hospodárska |
| 610 | 2 | 0 | |a Česko |
| 100 | 1 | |a Blaschke, Petr | |